Portret v Jevropejskoj živopisi XV - načala XX veka.

Uložené v:
Podrobná bibliografia
Hlavný autor: Kuznecova, Irina Aleksandrovna, 1913-2002
Médium: Kniha
Jazyk:Russian
Vydané: Moskva : Izobrazitel´noje iskusstvo, 1975.
Fyzický popis: 223 strán.
Tagy: Pridať tag
Žiadne tagy, Buďte prvý kto otaguje tento záznam!

MARC

LEADER 00000nam a22000002i 4500
001 000742607
005 20260112154421.0
008 260112s1975 ru e 000 0 rus d
020 |c Kčs 120,00  |q (viazané) 
040 |a SVKKK  |b slo  |c SVKKK  |e rda 
100 1 |a Kuznecova, Irina Aleksandrovna,  |d 1913-2002 
245 1 0 |a Portret v Jevropejskoj živopisi XV - načala XX veka. 
264 1 |a Moskva :  |b Izobrazitel´noje iskusstvo,  |c 1975. 
300 |a 223 strán. 
336 |a text  |b txt  |2 rdacontent 
337 |a bez média  |b n  |2 rdamedia 
338 |a zväzok  |b nc  |2 rdacarrier 
500 |a Záznam revízie 
910 |a svkkk 
998 |a BK 
090 |g SCKHL  |k Sklad Pribinova 3. posch.  |a V.93694  |j 530916  |i 2721195234  |s Absenčne